[Event "España ch sub-18 2009"]
[Site "Granada ESP"]
[Date "2009.07.23"]
[Round "6.16"]
[White "Zamarbide Inarrea, Daniel"]
[Black "Remoli Sargues, Lidia"]
[Result "1-0"]
[WhiteElo "2176"]
[BlackElo "2002"]
[PlyCount "115"]
[EventDate "2009.07.20"]
[EventType "swiss"]
[EventRounds "9"]
[EventCountry "ESP"]
[Source "lmi"]
[SourceDate "2009.07.20"]

1. e4 c5 2. Nf3 Nc6 3. Bb5 g6 4. c3 Nf6 5. e5 Nd5 6. Qa4 Nc7 7. Be2 Bg7 8. d4
cxd4 9. cxd4 O-O 10. Bf4 Nd5 11. Bg3 Qb6 12. Qb3 Nxd4 13. Nxd4 Qxd4 14. O-O Nf4
15. Bf3 Qxe5 16. Nc3 Qg5 17. Qc4 Ne6 18. Nd5 Bf6 19. h4 Qh6 20. Nxf6+ exf6 21.
a4 a5 22. b4 axb4 23. Qxb4 Ra6 24. Rfc1 Ng7 25. Bxb7 Bxb7 26. Qxb7 Rxa4 27. Bd6
Rxh4 28. g3 Re8 29. gxh4 Qxh4 30. Rc8 Qg4+ 31. Bg3 h5 32. Rxe8+ Nxe8 33. Ra8 h4
34. Rxe8+ Kg7 35. Qe4 Qd1+ 36. Qe1 Qxe1+ 37. Rxe1 hxg3 38. fxg3 Kf8 39. Kf2 f5
40. Kf3 f6 41. Kf4 Kf7 42. Re3 Kf8 43. Re2 Kf7 44. Re1 Kf8 45. g4 fxg4 46. Kxg4
Kf7 47. Kf4 Kf8 48. Ke4 Kf7 49. Kd5 f5 50. Ke5 d6+ 51. Kxd6 g5 52. Ke5 Kg6 53.
Rf1 f4 54. Ke4 Kh5 55. Kf3 Kg6 56. Kg4 Kf6 57. Re1 Kg6 58. Re5 1-0

[Event "España ch sub-18 2009"]
[Site "Granada ESP"]
[Date "2009.07.24"]
[Round "7.1"]
[White "Alonso Rosell, Alvar"]
[Black "Cabrera Trujillo, Jorge"]
[Result "1/2-1/2"]
[WhiteElo "2461"]
[BlackElo "2410"]
[PlyCount "82"]
[EventDate "2009.07.20"]
[EventType "swiss"]
[EventRounds "9"]
[EventCountry "ESP"]
[Source "lmi"]
[SourceDate "2009.07.20"]

1. d4 d5 2. c4 c6 3. Nf3 Nf6 4. Qb3 dxc4 5. Qxc4 b5 6. Qc2 Bb7 7. g3 Nbd7 8.
Bg2 e6 9. O-O Be7 10. Bg5 Rc8 11. Nc3 b4 12. Na4 c5 13. dxc5 Nxc5 14. Bxf6 gxf6
15. Nxc5 Bxc5 16. Qb3 Qd5 17. Ne1 Qxb3 18. axb3 Bxg2 19. Kxg2 Bb6 20. Nd3 a5
21. Rfc1 Kd7 22. Kf3 Rc6 23. Rxc6 Kxc6 24. Rc1+ Kd7 25. Rc4 f5 26. Ne5+ Ke7 27.
Rc6 Bd4 28. Nc4 Ra8 29. e3 Bf6 30. Rb6 Kf8 31. Rb5 Bd8 32. Ke2 Kg7 33. Rb7 Bf6
34. Rb5 Bd8 35. Kd2 Ra7 36. e4 Rd7+ 37. Ke3 fxe4 38. Kxe4 Rd1 39. Ke3 Rb1 40.
Kd2 Rf1 41. Ke2 Rb1 1/2-1/2

[Event "España ch sub-18 2009"]
[Site "Granada ESP"]
[Date "2009.07.24"]
[Round "7.2"]
[White "Arribas Lopez, Angel"]
[Black "Recuero Guerra, David"]
[Result "1-0"]
[WhiteElo "2429"]
[BlackElo "2460"]
[PlyCount "79"]
[EventDate "2009.07.20"]
[EventType "swiss"]
[EventRounds "9"]
[EventCountry "ESP"]
[Source "lmi"]
[SourceDate "2009.07.20"]

1. e4 c5 2. Nf3 d6 3. d4 cxd4 4. Nxd4 Nf6 5. Nc3 Nc6 6. Bg5 e6 7. Qd2 Be7 8.
O-O-O O-O 9. Nb3 Qb6 10. f3 Rd8 11. Nb5 Rd7 12. N5d4 Qc7 13. h4 Ne5 14. h5 d5
15. h6 g6 16. exd5 Rxd5 17. Kb1 Qd8 18. c4 Rd7 19. Qe3 Nc6 20. Be2 Nxd4 21.
Rxd4 Ne8 22. Bxe7 Qxe7 23. Rhd1 Rxd4 24. Qxd4 e5 25. Qd2 Be6 26. Qe3 b6 27. Ka1
Qc7 28. g4 a5 29. g5 a4 30. Nd2 b5 31. c5 b4 32. Bb5 a3 33. b3 Bd7 34. Bxd7
Qxd7 35. Qxe5 Ra6 36. Nb1 Qc8 37. Rd6 Ra5 38. Rd5 Qe6 39. Qd4 Ra8 40. Re5 1-0

[Event "España ch sub-18 2009"]
[Site "Granada ESP"]
[Date "2009.07.24"]
[Round "7.3"]
[White "Garcia Moreno, Carlos"]
[Black "Pardo Simon, David"]
[Result "1/2-1/2"]
[WhiteElo "2245"]
[BlackElo "2321"]
[PlyCount "61"]
[EventDate "2009.07.20"]
[EventType "swiss"]
[EventRounds "9"]
[EventCountry "ESP"]
[Source "lmi"]
[SourceDate "2009.07.20"]

1. e4 c5 2. Nf3 e6 3. d4 cxd4 4. Nxd4 Nc6 5. Nc3 Qc7 6. Nb3 a6 7. Bd3 Nf6 8. f4
d6 9. O-O Be7 10. Qe2 O-O 11. Bd2 b5 12. Rae1 b4 13. Nd1 Nd7 14. c3 a5 15. Nd4
Nc5 16. Bb5 Bd7 17. f5 Nxd4 18. cxd4 Nxe4 19. Bxd7 Nxd2 20. Qxd2 Qxd7 21. f6
gxf6 22. Qh6 Kh8 23. Rxf6 Qb5 24. Re3 Qd5 25. Rh3 Qe4 26. Ne3 Rac8 27. Rf5 Rc1+
28. Kf2 Rc2+ 29. Ke1 Rc1+ 30. Kf2 Rc2+ 31. Ke1 1/2-1/2

[Event "España ch sub-18 2009"]
[Site "Granada ESP"]
[Date "2009.07.24"]
[Round "7.4"]
[White "Forcen Esteban, Daniel"]
[Black "Salgado Lopez, Ivan"]
[Result "1/2-1/2"]
[WhiteElo "2308"]
[BlackElo "2558"]
[PlyCount "121"]
[EventDate "2009.07.20"]
[EventType "swiss"]
[EventRounds "9"]
[EventCountry "ESP"]
[Source "lmi"]
[SourceDate "2009.07.20"]

1. e4 c5 2. Nf3 Nc6 3. d4 cxd4 4. Nxd4 Qb6 5. Nb3 Nf6 6. Nc3 e6 7. Be3 Qc7 8.
a3 a6 9. Be2 b5 10. f4 d6 11. O-O Be7 12. Bf3 Bb7 13. Qe1 O-O 14. Rd1 Rfe8 15.
Kh1 Rac8 16. Qf2 Bf8 17. Nd4 Nxd4 18. Bxd4 e5 19. Bb6 Qb8 20. f5 Rc4 21. Rfe1
d5 22. exd5 Bxa3 23. Ne4 Nxe4 24. Rxe4 Bd6 25. Rxc4 bxc4 26. Be4 Qc8 27. Qe2
Ba8 28. Ba5 Qc5 29. Bc3 Rd8 30. h3 Qb5 31. Qe1 f6 32. Qe2 h6 33. Qg4 Bf8 34.
Qf3 a5 35. d6 Bxe4 36. Qxe4 Rxd6 37. Rxd6 Bxd6 38. Qa8+ Kh7 39. Qxa5 Qc6 40.
Qd8 e4 41. Bd4 Bg3 42. Bg1 Qa4 43. Qd1 Qe8 44. Qg4 Bd6 45. Qe2 Qc6 46. Qg4 Be5
47. c3 Kg8 48. Qd1 Qb5 49. Qd8+ Kh7 50. Qd2 Bc7 51. Qe2 Qd5 52. Qg4 Kg8 53. Qh5
Kf8 54. Qe2 Be5 55. Qf2 Kg8 56. Qe2 Qd3 57. Qf2 Bg3 58. Qc5 Bf4 59. Qc8+ Kh7
60. Qe8 Qd5 61. Qg6+ 1/2-1/2

[Event "España ch sub-18 2009"]
[Site "Granada ESP"]
[Date "2009.07.24"]
[Round "7.5"]
[White "Herrera Delgado, Alejandro"]
[Black "Espinosa Aranda, Angel"]
[Result "1-0"]
[WhiteElo "2297"]
[BlackElo "2350"]
[PlyCount "143"]
[EventDate "2009.07.20"]
[EventType "swiss"]
[EventRounds "9"]
[EventCountry "ESP"]
[Source "lmi"]
[SourceDate "2009.07.20"]

1. e4 e6 2. d4 d5 3. Nc3 Nf6 4. exd5 exd5 5. Nf3 Be7 6. Bd3 O-O 7. O-O Bg4 8.
h3 Bh5 9. Re1 c5 10. dxc5 Nbd7 11. g4 Bg6 12. Nxd5 Nxd5 13. Bxg6 Nxc5 14. Be4
Nb4 15. Qxd8 Bxd8 16. Bd2 Ba5 17. a3 Nxe4 18. Bxb4 Bxb4 19. Rxe4 Bd6 20. Rd4
Rfd8 21. Rad1 Be7 22. Rd7 Kf8 23. R1d3 Rxd7 24. Rxd7 Rb8 25. Kf1 Ke8 26. Rc7
Bd6 27. Rc3 f6 28. Rd3 Ke7 29. Nd4 g6 30. Re3+ Kd7 31. Nb5 Be5 32. Rd3+ Ke7 33.
c3 a6 34. Nd4 Rc8 35. Ke2 Rc4 36. Nc2 Rc8 37. Ke3 Rc4 38. Nd4 Rc5 39. f4 Bb8
40. Kf3 Rc4 41. Re3+ Kd7 42. Ke4 Bd6 43. Rd3 Ke7 44. h4 Rc5 45. Nb3 Rc8 46. Rd5
Rc4+ 47. Rd4 Rc7 48. Nd2 Bc5 49. Rd3 Bd6 50. Kf3 Rc8 51. Rd5 Ke6 52. Ke4 Ke7
53. h5 Ke6 54. Nb3 Rc4+ 55. Rd4 Rc8 56. f5+ gxf5+ 57. gxf5+ Ke7 58. Kf3 Rg8 59.
Rg4 Rxg4 60. Kxg4 Kd7 61. Nd4 Be5 62. Kf3 Bd6 63. Ke4 Be7 64. Kd5 b6 65. c4 Bd6
66. Ne6 Be5 67. b4 a5 68. bxa5 bxa5 69. a4 Bd6 70. Nc5+ Kc7 71. Ne4 Be5 72. Ke6
1-0

[Event "España ch sub-18 2009"]
[Site "Granada ESP"]
[Date "2009.07.24"]
[Round "7.6"]
[White "Millan Soto, Miguel"]
[Black "Moreno Gracia, Daniel"]
[Result "0-1"]
[WhiteElo "2014"]
[BlackElo "2313"]
[PlyCount "86"]
[EventDate "2009.07.20"]
[EventType "swiss"]
[EventRounds "9"]
[EventCountry "ESP"]
[Source "lmi"]
[SourceDate "2009.07.20"]

1. e4 c5 2. Nf3 e6 3. d4 cxd4 4. Nxd4 Nf6 5. Nc3 d6 6. Be3 a6 7. f3 b5 8. Qd2
b4 9. Na4 Nbd7 10. g4 h6 11. O-O-O Ne5 12. b3 Bd7 13. Nb2 d5 14. g5 hxg5 15.
Bxg5 dxe4 16. f4 Nc6 17. Nc4 Bc5 18. Nxc6 Bxc6 19. Qxd8+ Rxd8 20. Rxd8+ Kxd8
21. Ne5 Be8 22. Bxa6 Kc7 23. Bc4 Ng8 24. f5 f6 25. Bf4 Bd6 26. Ng6 Bxg6 27.
Bxd6+ Kxd6 28. fxg6 Ne7 29. Rd1+ Ke5 30. Rd7 Nxg6 31. Rxg7 Nf4 32. Rb7 Nd5 33.
Bxd5 exd5 34. Rxb4 f5 35. Rb7 f4 36. Kd1 Rxh2 37. Rf7 f3 38. a4 Kd4 39. c4 Kd3
40. Ke1 e3 41. Rxf3 Rh1+ 42. Rf1 Rxf1+ 43. Kxf1 Kd2 0-1

[Event "España ch sub-18 2009"]
[Site "Granada ESP"]
[Date "2009.07.24"]
[Round "7.7"]
[White "Fernandez Garcia, Jose Miguel"]
[Black "Donoso Sanchez, Alejandro"]
[Result "1/2-1/2"]
[WhiteElo "2261"]
[BlackElo "2086"]
[PlyCount "70"]
[EventDate "2009.07.20"]
[EventType "swiss"]
[EventRounds "9"]
[EventCountry "ESP"]
[Source "lmi"]
[SourceDate "2009.07.20"]

1. e4 c5 2. Nf3 e6 3. d4 cxd4 4. Nxd4 a6 5. Bd3 Nf6 6. O-O Qc7 7. Qe2 d6 8. Kh1
Be7 9. f4 Nbd7 10. Nc3 O-O 11. Bd2 b5 12. a3 Bb7 13. Rae1 Nc5 14. b4 Nxd3 15.
cxd3 Nd7 16. Rc1 Qd8 17. f5 Bf6 18. Nb3 Rc8 19. Na5 Ba8 20. Qg4 Qe7 21. Rc2 Ne5
22. Qh3 Nc6 23. fxe6 fxe6 24. Rfc1 Qf7 25. Ne2 Ne7 26. Rxc8 Rxc8 27. Rxc8+ Nxc8
28. Nf4 Bg5 29. Qg4 Bxf4 30. Qxf4 Qxf4 31. Bxf4 Kf7 32. Kg1 e5 33. Bg3 Ke6 34.
Kf2 Ne7 35. Ke3 Nc6 1/2-1/2

[Event "España ch sub-18 2009"]
[Site "Granada ESP"]
[Date "2009.07.24"]
[Round "7.8"]
[White "Anaya Lopez, Victor Jose"]
[Black "Martin Fuentes, Alberto"]
[Result "0-1"]
[WhiteElo "2142"]
[BlackElo "2244"]
[PlyCount "62"]
[EventDate "2009.07.20"]
[EventType "swiss"]
[EventRounds "9"]
[EventCountry "ESP"]
[Source "lmi"]
[SourceDate "2009.07.20"]

1. e4 e6 2. d4 d5 3. Nc3 Bb4 4. e5 Ne7 5. a3 Bxc3+ 6. bxc3 b6 7. Nf3 Ba6 8.
Bxa6 Nxa6 9. Qd3 Nb8 10. h4 Nbc6 11. h5 h6 12. Nh4 Qd7 13. a4 Na5 14. O-O Nc4
15. Ba3 Nc6 16. g3 O-O-O 17. f4 g5 18. Ng2 gxf4 19. Rxf4 Rdg8 20. Bc1 f5 21.
exf6 e5 22. dxe5 N6xe5 23. Qf5 Rxg3 24. Kh2 Rxc3 25. f7 Rf8 26. Qxd7+ Kxd7 27.
Rf1 Rxf7 28. Rxf7+ Nxf7 29. Bf4 Rxc2 30. Rf1 Nce5 31. Kh3 d4 0-1

[Event "España ch sub-18 2009"]
[Site "Granada ESP"]
[Date "2009.07.24"]
[Round "7.9"]
[White "Gonzalez Laso, Adrian"]
[Black "Coll Ortega, Jordi"]
[Result "0-1"]
[WhiteElo "2059"]
[BlackElo "2213"]
[PlyCount "52"]
[EventDate "2009.07.20"]
[EventType "swiss"]
[EventRounds "9"]
[EventCountry "ESP"]
[Source "lmi"]
[SourceDate "2009.07.20"]

1. Nf3 d5 2. g3 Bg4 3. Bg2 Nd7 4. d4 c6 5. O-O e6 6. c4 Ngf6 7. Nc3 dxc4 8. e4
e5 9. dxe5 Bxf3 10. Qxf3 Nxe5 11. Qe2 Qd3 12. h3 Bc5 13. Kh2 O-O-O 14. f4 Qxe2
15. Nxe2 Nd3 16. Bd2 Nf2 17. Ba5 b6 18. Bc3 N2xe4 19. Rad1 Nxc3 20. Nxc3 Kc7
21. Na4 Bd4 22. g4 b5 23. Nc3 Bxc3 24. bxc3 Rxd1 25. Rxd1 Re8 26. Bf3 Re3 0-1

[Event "España ch sub-18 2009"]
[Site "Granada ESP"]
[Date "2009.07.24"]
[Round "7.10"]
[White "Diaz Herrero, Alvaro"]
[Black "Guadamuro Torrente, Anabel"]
[Result "1/2-1/2"]
[WhiteElo "2187"]
[BlackElo "2136"]
[PlyCount "85"]
[EventDate "2009.07.20"]
[EventType "swiss"]
[EventRounds "9"]
[EventCountry "ESP"]
[Source "lmi"]
[SourceDate "2009.07.20"]

1. e4 e5 2. Nf3 Nc6 3. d4 exd4 4. Nxd4 g6 5. Nc3 Bg7 6. Be3 Nf6 7. Qd2 O-O 8.
O-O-O Re8 9. f3 d5 10. exd5 Nxd5 11. Nxc6 bxc6 12. Bd4 Bxd4 13. Qxd4 Qg5+ 14.
Kb1 Bf5 15. Nxd5 cxd5 16. h4 Qg3 17. h5 c5 18. Qd2 c4 19. h6 Qe5 20. Kc1 Rab8
21. c3 Qe3 22. Qxe3 Rxe3 23. Rh4 Re7 24. Rxd5 Re1+ 25. Rd1 Rxd1+ 26. Kxd1 Rxb2
27. Bxc4 Rxg2 28. Rd4 Kf8 29. Rd8+ Ke7 30. Ra8 Rh2 31. Rxa7+ Kd6 32. Bxf7 Rxh6
33. Ke2 Rh2+ 34. Ke3 Rc2 35. c4 Kc5 36. Bd5 h5 37. Ra8 h4 38. Rh8 h3 39. Be4
Bxe4 40. fxe4 Rxa2 41. Kf4 Kxc4 42. Rxh3 Kd4 43. Rh6 1/2-1/2

[Event "España ch sub-18 2009"]
[Site "Granada ESP"]
[Date "2009.07.24"]
[Round "7.11"]
[White "Garcia Salamero, Gabriel"]
[Black "Zamarbide Inarrea, Daniel"]
[Result "0-1"]
[WhiteElo "2034"]
[BlackElo "2176"]
[PlyCount "98"]
[EventDate "2009.07.20"]
[EventType "swiss"]
[EventRounds "9"]
[EventCountry "ESP"]
[Source "lmi"]
[SourceDate "2009.07.20"]

1. e4 c5 2. Nf3 d6 3. d4 cxd4 4. Nxd4 Nf6 5. Nc3 Nc6 6. Nde2 g6 7. g3 Bg7 8.
Bg2 O-O 9. O-O Bd7 10. h3 Na5 11. Kh2 Qc7 12. b3 Rac8 13. Bd2 b5 14. a3 a6 15.
f4 Nc6 16. Bc1 Nd8 17. Bb2 Ne6 18. Rc1 a5 19. e5 dxe5 20. fxe5 Qxe5 21. Rxf6
exf6 22. Qxd7 Rfd8 23. Qxb5 Qxb5 24. Nxb5 Rd2 25. Nec3 f5 26. Ba1 Bh6 27. Rd1
Rxd1 28. Nxd1 Rxc2 29. Be5 Rc5 30. Bc3 Rxb5 31. b4 axb4 32. axb4 Rb6 33. Nb2
Bg7 34. Nc4 Rb8 35. Bd2 Nd4 36. Nd6 Rd8 37. Nc4 Bf8 38. Bc3 Ne2 39. Bf6 Rc8 40.
Ne5 Bg7 41. Bxg7 Kxg7 42. Nc6 Nc3 43. Kg1 Kf6 44. g4 fxg4 45. hxg4 Kg5 46. Kh2
Kf4 47. Kg1 Kxg4 48. Ne5+ Kf4 49. Nxf7 Rb8 0-1

[Event "España ch sub-18 2009"]
[Site "Granada ESP"]
[Date "2009.07.24"]
[Round "7.12"]
[White "Arauz Alonso, Fernando"]
[Black "Moral Garcia, Serafin"]
[Result "1/2-1/2"]
[WhiteElo "2155"]
[BlackElo "1976"]
[PlyCount "62"]
[EventDate "2009.07.20"]
[EventType "swiss"]
[EventRounds "9"]
[EventCountry "ESP"]
[Source "lmi"]
[SourceDate "2009.07.20"]

1. d4 Nf6 2. Nf3 c5 3. e3 g6 4. b3 Bg7 5. Bb2 O-O 6. Be2 b6 7. O-O Bb7 8. c4
cxd4 9. exd4 d5 10. Nbd2 Nc6 11. Rc1 Rc8 12. Re1 dxc4 13. bxc4 e6 14. Bf1 Qd6
15. Qe2 Rfd8 16. Red1 Qb4 17. Nb1 Na5 18. a3 Bxf3 19. gxf3 Qa4 20. Nd2 Nh5 21.
Ne4 Rc7 22. d5 Bxb2 23. Qxb2 Rcd7 24. Nc3 Qb3 25. Qe2 exd5 26. Nxd5 Qxa3 27.
Bh3 Rxd5 28. cxd5 Nf4 29. Qf1 Qxf3 30. Bg2 Qg4 31. d6 Ne2+ 1/2-1/2

[Event "España ch sub-18 2009"]
[Site "Granada ESP"]
[Date "2009.07.24"]
[Round "7.13"]
[White "Arce Calva, Elvira"]
[Black "Bendayan Claros, Aaron"]
[Result "0-1"]
[WhiteElo "1933"]
[BlackElo "2151"]
[PlyCount "72"]
[EventDate "2009.07.20"]
[EventType "swiss"]
[EventRounds "9"]
[EventCountry "ESP"]
[Source "lmi"]
[SourceDate "2009.07.20"]

1. e4 g6 2. d4 Bg7 3. Nc3 c6 4. Be2 d5 5. e5 h5 6. f4 Nh6 7. Nf3 Bg4 8. O-O Nf5
9. Na4 e6 10. c3 Nd7 11. b3 Bf8 12. Ng5 Bxe2 13. Qxe2 b5 14. Nb2 b4 15. Qd3
bxc3 16. Qxc3 c5 17. dxc5 Bxc5+ 18. Kh1 h4 19. Nh3 Rc8 20. Qd3 Bd4 21. Qe2 Nc5
22. Rf3 Ne4 23. Rb1 Nc3 24. Rxc3 Bxc3 25. Na4 Kf8 26. Ba3+ Kg7 27. Qg4 Bd4 28.
Re1 Rc2 29. Qf3 Rxa2 30. Bb4 Qb8 31. Bd6 Nxd6 32. exd6 Qxd6 33. Qg4 Ra1 34.
Rxa1 Bxa1 35. Qd1 Bf6 36. Qc1 Rb8 0-1

[Event "España ch sub-18 2009"]
[Site "Granada ESP"]
[Date "2009.07.24"]
[Round "7.14"]
[White "Rasskin Friederichs, Ivan"]
[Black "Rioboo De Larriva, Alvaro"]
[Result "0-1"]
[WhiteElo "1873"]
[BlackElo "2150"]
[PlyCount "74"]
[EventDate "2009.07.20"]
[EventType "swiss"]
[EventRounds "9"]
[EventCountry "ESP"]
[Source "lmi"]
[SourceDate "2009.07.20"]

1. e4 c5 2. d3 g6 3. g3 Bg7 4. Bg2 Nc6 5. f4 d6 6. Nf3 Nf6 7. O-O O-O 8. c3 c4
9. e5 dxe5 10. fxe5 Ne8 11. d4 Be6 12. Ng5 Bd5 13. e6 fxe6 14. Rxf8+ Bxf8 15.
Bh3 Ng7 16. Qe2 e5 17. dxe5 h6 18. Nf3 Nf5 19. Bxf5 gxf5 20. Nh4 Be4 21. Qxc4+
Bd5 22. Qe2 e6 23. c4 Be4 24. Nc3 Qd3 25. Bf4 Bc5+ 26. Kf1 Nd4 27. Qxd3 Bxd3+
28. Kg2 Bxc4 29. b3 Ba6 30. Bxh6 Nc6 31. Na4 Bd4 32. Re1 b5 33. Nc5 Bxc5 34.
Rc1 Bd4 35. Kh3 Bb7 36. Rd1 Kf7 37. Nf3 Rh8 0-1

[Event "España ch sub-18 2009"]
[Site "Granada ESP"]
[Date "2009.07.24"]
[Round "7.15"]
[White "Moreno Martin, Daniel"]
[Black "Gomez Dominguez, Xavier"]
[Result "1/2-1/2"]
[WhiteElo "2231"]
[BlackElo "2031"]
[PlyCount "101"]
[EventDate "2009.07.20"]
[EventType "swiss"]
[EventRounds "9"]
[EventCountry "ESP"]
[Source "lmi"]
[SourceDate "2009.07.20"]

1. e4 c5 2. Nf3 Nc6 3. d4 cxd4 4. Nxd4 g6 5. c4 Bg7 6. Be3 Nf6 7. Nc3 O-O 8.
Be2 Nxd4 9. Bxd4 d6 10. O-O Bd7 11. Qd2 Bc6 12. f3 a5 13. b3 Nd7 14. Be3 Nc5
15. Rab1 Qb6 16. Rfc1 Rfc8 17. Rc2 Qd8 18. Bf1 h5 19. a3 b6 20. Kh1 Kh7 21. b4
axb4 22. axb4 Nd7 23. Nd5 Ra3 24. Ra2 Rca8 25. Rxa3 Rxa3 26. Qf2 Bxd5 27. exd5
Qc7 28. f4 Qa7 29. f5 Ra1 30. fxg6+ fxg6 31. Qc2 Qa3 32. Rxa1 Qxa1 33. Qc1 Qxc1
34. Bxc1 Bc3 35. Ba3 Kg7 36. g3 Bd4 37. Kg2 Ne5 38. Be2 Kf6 39. h3 Kf5 40. Bc1
Bc3 41. Be3 Bxb4 42. Bxb6 Ke4 43. Bd8 Kd4 44. Bxe7 Nxc4 45. Bf6+ Kxd5 46. Bd3
Ne3+ 47. Kf3 Ke6 48. Kxe3 Kxf6 49. g4 h4 50. Ke4 Bc3 51. Bc4 1/2-1/2

[Event "España ch sub-18 2009"]
[Site "Granada ESP"]
[Date "2009.07.24"]
[Round "7.16"]
[White "Sanz Rodero, Mikel"]
[Black "Camacho Collados, Marcos"]
[Result "1/2-1/2"]
[WhiteElo "2015"]
[BlackElo "2267"]
[PlyCount "61"]
[EventDate "2009.07.20"]
[EventType "swiss"]
[EventRounds "9"]
[EventCountry "ESP"]
[Source "lmi"]
[SourceDate "2009.07.20"]

1. e4 d6 2. d4 Nf6 3. Nc3 Nbd7 4. g4 h6 5. h3 e5 6. Nge2 c6 7. a4 Be7 8. Bg2
O-O 9. O-O Re8 10. Be3 Bf8 11. Qd2 b6 12. d5 cxd5 13. Nxd5 Nxd5 14. exd5 Nf6
15. c4 Nh7 16. Ng3 Be7 17. a5 Rb8 18. axb6 axb6 19. b4 Qc7 20. Rfc1 Bd7 21. Ne4
f5 22. gxf5 Bxf5 23. Ng3 Bd7 24. Ne4 Bf5 25. Ng3 Bg6 26. Be4 Bxe4 27. Nxe4 Qd7
28. Kh2 Qf5 29. Ng3 Qd7 30. Ne4 Qf5 31. Ng3 1/2-1/2

[Event "España ch sub-18 2009"]
[Site "Granada ESP"]
[Date "2009.07.25"]
[Round "8.1"]
[White "Arribas Lopez, Angel"]
[Black "Alonso Rosell, Alvar"]
[Result "1/2-1/2"]
[WhiteElo "2429"]
[BlackElo "2461"]
[PlyCount "143"]
[EventDate "2009.07.20"]
[EventType "swiss"]
[EventRounds "9"]
[EventCountry "ESP"]
[Source "lmi"]
[SourceDate "2009.07.20"]

1. e4 c6 2. d4 d5 3. e5 Bf5 4. c3 e6 5. Qb3 Qb6 6. Be3 Nd7 7. Nd2 Ne7 8. f4 h5
9. Ngf3 h4 10. Be2 Ng6 11. O-O Be7 12. Rfc1 a5 13. a4 O-O 14. Qxb6 Nxb6 15. Ne1
f6 16. g4 hxg3 17. hxg3 fxe5 18. dxe5 Nd7 19. g4 Bc5 20. Bxc5 Nxc5 21. gxf5
Nxf4 22. Bg4 exf5 23. Bd1 g5 24. c4 d4 25. Nef3 g4 26. Nxd4 Rad8 27. N2b3 Ncd3
28. Rc3 Nxe5 29. c5 Rd5 30. Bc2 Rfd8 31. Re1 Nh3+ 32. Kh2 f4 33. Bf5 Ng5 34.
Kg2 g3 35. Rc2 Nef7 36. Ne6 Rxf5 37. Nxd8 Nxd8 38. Re8+ Kg7 39. Rxd8 f3+ 40.
Kxg3 f2 41. Rd7+ Kg6 42. Rd6+ Kg7 43. Rd1 f1=Q 44. Rxf1 Rxf1 45. Nxa5 Ne4+ 46.
Kg2 Rf7 47. Rc4 Nxc5 48. Rxc5 b6 49. Rxc6 bxa5 50. Rc5 Rf4 51. b3 Kf6 52. Rb5
Ke6 53. Kg3 Rf5 54. Rb6+ Kd7 55. Kg4 Kc7 56. Re6 Rf8 57. Re5 Rb8 58. Re3 Rf8
59. Kg5 Kc6 60. Rc3+ Kd6 61. Kg6 Kd7 62. Kg7 Rf5 63. Kg8 Rg5+ 64. Kf7 Rf5+ 65.
Kg7 Kd6 66. Rc8 Rc5 67. Rf8 Rc7+ 68. Kf6 Rb7 69. Rd8+ Kc5 70. Rd3 Kb4 71. Rd5
Kxb3 72. Rxa5 1/2-1/2

[Event "España ch sub-18 2009"]
[Site "Granada ESP"]
[Date "2009.07.25"]
[Round "8.2"]
[White "Cabrera Trujillo, Jorge"]
[Black "Garcia Moreno, Carlos"]
[Result "1-0"]
[WhiteElo "2410"]
[BlackElo "2245"]
[PlyCount "37"]
[EventDate "2009.07.20"]
[EventType "swiss"]
[EventRounds "9"]
[EventCountry "ESP"]
[Source "lmi"]
[SourceDate "2009.07.20"]

1. e4 e5 2. Nf3 Nc6 3. Bb5 a6 4. Ba4 Nf6 5. d3 b5 6. Bb3 Be7 7. O-O d6 8. a4
Bb7 9. Bd2 Nb8 10. axb5 axb5 11. Rxa8 Bxa8 12. Nc3 b4 13. Nd5 c5 14. Nxe7 Qxe7
15. Nh4 g6 16. Bh6 Nc6 17. f4 Nd7 18. Nf3 Bb7 19. fxe5 1-0

[Event "España ch sub-18 2009"]
[Site "Granada ESP"]
[Date "2009.07.25"]
[Round "8.3"]
[White "Pardo Simon, David"]
[Black "Herrera Delgado, Alejandro"]
[Result "1/2-1/2"]
[WhiteElo "2321"]
[BlackElo "2297"]
[PlyCount "72"]
[EventDate "2009.07.20"]
[EventType "swiss"]
[EventRounds "9"]
[EventCountry "ESP"]
[Source "lmi"]
[SourceDate "2009.07.20"]

1. e4 c5 2. Nf3 Nf6 3. e5 Nd5 4. Nc3 e6 5. Nxd5 exd5 6. d4 Nc6 7. dxc5 Bxc5 8.
Qxd5 d6 9. exd6 Qb6 10. Qe4+ Be6 11. Qh4 Bxd6 12. Bd3 Nb4 13. O-O Nxd3 14. Qa4+
Qc6 15. Qxc6+ bxc6 16. cxd3 O-O 17. Be3 Bd5 18. Nd2 Be5 19. d4 Bf6 20. Rac1
Rfb8 21. b3 a5 22. g3 a4 23. h4 h5 24. Rb1 axb3 25. axb3 Rb4 26. Nc4 Rab8 27.
Ne5 Rxb3 28. Rxb3 Rxb3 29. Nd7 Be7 30. Ra1 Rb7 31. Nc5 Rb4 32. Nd3 Rc4 33. Ne5
Rc2 34. Rc1 Rxc1+ 35. Bxc1 Bf6 36. f4 Bxe5 1/2-1/2

[Event "España ch sub-18 2009"]
[Site "Granada ESP"]
[Date "2009.07.25"]
[Round "8.4"]
[White "Salgado Lopez, Ivan"]
[Black "Moreno Gracia, Daniel"]
[Result "1-0"]
[WhiteElo "2558"]
[BlackElo "2313"]
[PlyCount "61"]
[EventDate "2009.07.20"]
[EventType "swiss"]
[EventRounds "9"]
[EventCountry "ESP"]
[Source "lmi"]
[SourceDate "2009.07.20"]

1. e4 c5 2. Nf3 e6 3. d4 cxd4 4. Nxd4 Nf6 5. Nc3 d6 6. Be3 Nc6 7. Qd2 Be7 8. f3
O-O 9. O-O-O d5 10. Be2 dxe4 11. Nxc6 Qxd2+ 12. Rxd2 bxc6 13. Nxe4 e5 14. Bc4
Rd8 15. Rhd1 Rxd2 16. Rxd2 Nxe4 17. fxe4 Kf8 18. h3 h5 19. Bb3 Ke8 20. Ba4 Bd7
21. Rd3 Rb8 22. a3 Rb7 23. Rc3 Kd8 24. Bd2 c5 25. Bb3 Bc6 26. Bxf7 Bxe4 27.
Bxh5 Bxg2 28. Rg3 Bc6 29. Rxg7 Bf6 30. Ba5+ Kc8 31. Bg4+ 1-0

[Event "España ch sub-18 2009"]
[Site "Granada ESP"]
[Date "2009.07.25"]
[Round "8.5"]
[White "Recuero Guerra, David"]
[Black "Zamarbide Inarrea, Daniel"]
[Result "1-0"]
[WhiteElo "2460"]
[BlackElo "2176"]
[PlyCount "35"]
[EventDate "2009.07.20"]
[EventType "swiss"]
[EventRounds "9"]
[EventCountry "ESP"]
[Source "lmi"]
[SourceDate "2009.07.20"]

1. e4 c5 2. Nf3 g6 3. d4 Bg7 4. d5 d6 5. h3 Na6 6. Bb5+ Bd7 7. Bxd7+ Qxd7 8.
O-O O-O-O 9. Qe2 e5 10. dxe6 fxe6 11. Na3 d5 12. Bf4 Nc7 13. Ne5 Qe8 14. Rfe1
Nf6 15. exd5 exd5 16. c4 d4 17. Qd2 Rf8 18. Qa5 1-0

[Event "España ch sub-18 2009"]
[Site "Granada ESP"]
[Date "2009.07.25"]
[Round "8.6"]
[White "Bendayan Claros, Aaron"]
[Black "Forcen Esteban, Daniel"]
[Result "1-0"]
[WhiteElo "2151"]
[BlackElo "2308"]
[PlyCount "113"]
[EventDate "2009.07.20"]
[EventType "swiss"]
[EventRounds "9"]
[EventCountry "ESP"]
[Source "lmi"]
[SourceDate "2009.07.20"]

1. d4 g6 2. c4 Nf6 3. Nc3 Bg7 4. e4 d6 5. f3 O-O 6. Be3 e5 7. d5 a5 8. Bd3 Nh5
9. Nge2 f5 10. exf5 gxf5 11. Qd2 Na6 12. O-O-O Nb4 13. Bb1 a4 14. a3 Na6 15.
Bc2 Bd7 16. Bxa4 Bxa4 17. Nxa4 Qh4 18. Qc2 Nb8 19. g3 Qe7 20. Kb1 Nd7 21. c5 f4
22. cxd6 cxd6 23. gxf4 Nxf4 24. Ng3 Ra6 25. Nc3 Qf7 26. Nge4 Qh5 27. Rdf1 Kh8
28. Rhg1 Bh6 29. Qd2 Rd8 30. Ne2 Nxe2 31. Qxe2 Bxe3 32. Qxe3 Nb6 33. Qd3 Qf5
34. Rg5 Qf7 35. Nc3 Rf8 36. Rfg1 Ra5 37. Rg7 Qxg7 38. Rxg7 Kxg7 39. Qd1 Nc8 40.
Qg1+ Kh8 41. Qg5 Rc5 42. Ne4 Rc7 43. Qh6 Rxf3 44. Nxd6 Rf2 45. Nxc8 Rcc2 46.
Qb6 e4 47. Qd4+ Kg8 48. d6 Rfd2 49. Qxe4 Rxb2+ 50. Kc1 Ra2 51. d7 Kg7 52. Qe5+
Kg6 53. Qg3+ Kh5 54. Qe5+ Kg6 55. d8=Q Rxd8 56. Qe6+ Kh5 57. Qf5+ 1-0